Alternative Accepted Country Name in "Countries of the World Quiz" - Statistics

General Stats
  • This quiz has been taken 123 times
    68 since last reset
  • The average score is 19 of 30
Answer Stats
Standard Answer Alternative Answer % Correct
Central African Republic CAR
87%
United Kingdom UK
87%
United States USA
85%
Czech Republic Czechia
83%
Myanmar Burma
81%
Dominican Republic DR
81%
United Arab Emirates UAE
81%
East Timor Timor-Leste
79%
Cape Verde Cabo Verde
77%
Democratic Republicof the Congo DRC
77%
Eswatini Swaziland
77%
Papua New Guinea PNG
75%
Brazil Brasil
74%
Netherlands Holland
72%
Federated States ofMicronesia FSM
66%
New Zealand NZ
66%
United States America
64%
Ivory Coast Cote d'Ivoire
58%
Turkey Turkiye
58%
China PRC
57%
United Kingdom Britain
53%
Taiwan ROC
53%
Sri Lanka Ceylon
49%
North Korea DPRK
49%
United Kingdom Great Britain
49%
South Korea ROK
47%
Vatican City Holy See
43%
Saudi Arabia KSA
42%
North Macedonia FYROM
40%
United Kingdom GB
30%
No matching quizzes found
Score Distribution
Percent of People with Each Score
Percentile by Number Answered
Your Score History
You have not taken this quiz since the last reset